000 00591nam a2200205Ia 4500
003 GCL
008 140319s9999 xx 000 0 ara d
040 _aGCL /
_cGCL
082 0 4 _a823
_bم ك
100 1 _aمحمد غلاب (مترجم)
245 1 0 _aكولومبا /
_cمحمد غلاب (مترجم)
700 1 _aميريمية , بروسبير
300 _a274 ص
490 _aالالف كتاب
_v0
650 0 4 _aالادب
650 0 4 _aالقصص الانجليزية المترجمة
650 0 4 _aالادب الانجليزى
650 0 4 _aالقصص
942 _2ddc
_cBK
999 _c45401
_d45401